| 000 | 00604nam a2200205 i 4500 | ||
|---|---|---|---|
| 001 | bgj | ||
| 245 | 1 | 0 |
_aDeutsche Veirteljahrsschrift : _bfür Literaturwissenschaft und Geistesgeschichte. _n2/1983 / |
| 246 | 1 | _aAufklärung des Vorurteils - Vorurteile der Aufklärung | |
| 260 |
_aStuttgart : _bJ. B. Metzler Verlag, _c1983. |
||
| 300 |
_aS. [259]-277 ; _c24 cm. |
||
| 505 | _aSonderdruck | ||
| 650 | 9 | _aLiteratura niemiecka | |
| 700 | 1 | _aSAUDER, Gerhard. | |
| 040 | _cBPK | ||
| 041 | 0 | _ager | |
| 044 | _aDEU | ||
| 080 | _a821.112.2 | ||
| 942 | _cKS | ||
| 008 | s gw f |000 0 ger | ||
| 999 |
_c49949 _d49949 |
||
| 856 |
_uhttp://koha.tu.koszalin.pl/cgi-bin/koha/opac-detail.pl?biblionumber=49949 _yKatalog online BPK |
||